000 00557cam a22001577a 4500
008 180718b1963 xxu||||| |||| 00| 0 eng d
082 _aT19x47 M616c
100 _aMiller, Margaret
245 _aCommunist economy under change: studies in theory and practice of markets and competition in Russia, Poland and Yugoslavia
_cby Margaret Miller...[et. al.]
260 _aLondon
_bAndre Desutch
_c1963
300 _a272p.
650 _aCommunism - USSR
650 _aYugoslavia - Economic
650 _aPoland Economic Policy
650 _aUSSR - Economic Policy
999 _c374021
_d374021